La educación de hoy /

Guardado en:
Autor Principal: Dewey, John
Formato: Libro
Publicado: Buenos Aires : Losada, 1960
Edición:3a. ed.
Materias:
Etiquetas: Agregar Etiqueta
Sin Etiquetas, Sea el primero en etiquetar este registro!
LEADER 00639nam a22002175a 4500
001 CEM.cems006847
005 20060214000000.0
008 130507s1960##################000#0#####d
003 CEMS
082 0 4 |a 370.19 
100 1 |a Dewey, John 
245 1 0 |a La educación de hoy / 
250 |a 3a. ed. 
260 |a Buenos Aires :  |b Losada,  |c 1960 
300 |a 195 p. 
653 |a Educacion 
653 |a Educacion y cambio social 
653 |a Educacion y democracia 
653 |a Sociologia de la educacion 
859 |a CEMS  |b BIB. CEMS - 11 de abril  |h 370.19  |i D515a3  |p 2027.74  |t Ej.1 
859 |a CEMS  |b BIB. CEMS - 11 de abril  |h 370.19  |i D515a3  |p 3538.75  |t Ej.2